LEADER 01617cas a2200385 a 4500
001 c000190636
003 CARM
005 20060614142917.0
008 800522d19791991pk ar s f0 a0eng d
010 |a 81930661 
019 1 |a 2371168  |5 LACONCORD2021 
035 |a (OCoLC)6348594  |5 LACONCORD2021 
040 |a DJBF  |b eng  |c DJBF  |d MH  |d DLC  |d NST  |d DLC  |d NST  |d MiU  |d DLC  |d OCoLC  |d LC 
042 |a lc 
043 |a a-pk--- 
050 0 0 |a HD9502.P27  |b E53 
082 0 0 |a 353.79/09549/1 
245 0 0 |a Energy year book /  |c [Directorate General of Energy Resources, Pakistan]. 
260 |a Islamabad :  |b Govt. of Pakistan, Directorate General of Energy Resources, Ministry of Petroleum & Natural Resources. 
300 |a 13 v. :  |b ill. (some col.) ;  |c 28 cm. 
310 |a Annual 
362 1 |a Began with vol. for 1978/79; ceased with vol. for 1991. 
500 |a Chiefly tables. 
500 |a Description based on: 1980. 
515 |a Report year ends June 30. 
650 0 |a Energy industries  |z Pakistan  |v Statistics  |v Periodicals. 
650 0 |a Energy development  |z Pakistan  |v Statistics  |v Periodicals. 
650 0 |a Petroleum industry and trade  |z Pakistan  |v Statistics  |v Periodicals. 
710 1 |a Pakistan.  |b Directorate General of Energy Resources. 
785 0 0 |t Pakistan energy yearbook  |w (DLC) 95642788  |w (OCoLC)33311573 
852 8 |b CARM  |h A2:AR01D0  |i F00392  |p 0267214  |f SE 
866 0 |a (1990-1991) 
866 0 |a (1990-1991) 
999 f f |i 7edd245f-5222-58f5-abd2-90937f722c77  |s de47acbb-efee-5cf9-b9a4-3d9117069d79 
952 f f |p Can circulate  |a CAVAL  |b CAVAL  |c CAVAL  |d CARM 1 Store  |e F00392  |f A2:AR01D0  |h Other scheme  |i book  |k (1990-1991)  |m 0267214